| 000 | 01453cac a2200409 i 4500 | ||
|---|---|---|---|
| 003 | EG-GICUC | ||
| 005 | 20260121101409.0 | ||
| 008 | 891211s1990 enk frb 001 0 eng d | ||
| 020 |
_a0198273363 : _c£30.00 ($47.00 U.S.) |
||
| 020 |
_a0198273371 (pbk.) : _c£9.95 ($15.50 U.S.) |
||
| 020 | _a9780198273363 | ||
| 020 | _a9780198273370 | ||
| 035 | _a1983326 | ||
| 040 |
_aDLC _cDLC _dDLC _erda |
||
| 043 | _aew----- | ||
| 050 | 0 | 0 |
_aJF52 _b.M36 1990 |
| 082 | 0 | 0 |
_a342.51 _221 |
| 092 | 0 | 4 | _221 |
| 099 | _aLaw 08 1990 | ||
| 100 | 1 | _aMény, Yves. | |
| 245 | 1 | 0 |
_aGovernment and politics in Western Europe : _bBritain, France, Italy, West Germany / _cYves Mény ; translated by Janet Lloyd. |
| 264 |
_aOxford [England] ; _aNew York : _bOxford University Press, _c1990. |
||
| 300 |
_axiii, 367 page ; _c23 cm. |
||
| 336 |
_atext _btxt _2rdacontent |
||
| 337 |
_aunmediated _bn _2rdamedia |
||
| 338 |
_avolume _bnc _2rdacarrier |
||
| 440 | 0 | _aComparative European politics | |
| 500 | _aAdapted translation of: Politique comparée. 1988. | ||
| 504 | _aIncludes bibliographical references (p. [351]-356) and index. | ||
| 650 | 0 | _aComparative government. | |
| 651 | 0 |
_aEurope _xPolitics and government _y1945- |
|
| 830 | _0 | ||
| 856 | 4 | 2 |
_3Publisher description _uhttp://www.loc.gov/catdir/enhancements/fy0640/89071139-d.html |
| 856 | 4 | 2 | _uhttps://fll.law.cu.edu.eg/fulltext/bks/ENGB08-00064.pdf |
| 905 | _a10 | ||
| 942 |
_2ddc _cBK _e21 _n0 |
||
| 999 |
_c47541 _d47541 |
||